000 00601nam a22001697a 4500
003 OSt
005 20260320092556.0
008 260320b |||||||| |||| 00| 0 eng d
040 _cMRSPTU
041 _aEnglish
100 _aPriyanka Sharma, Supervisor: Dr. Rahul Deshmukh
245 _aNeuroprotective Potential of Carbamide Forte in Lipopolysaccharide Induced Experimental Parkinson's Disease
260 _bDepartment of Pharmacy, MRSPTU, Bathinda
_c2022
650 _aPharmaceutical Sciences and Technology
856 _uhttp://163.47.215.52:8080/jspui/handle/123456789/63
942 _2ddc
_cTH
_n0
999 _c11215
_d11215